Danh ngôn thế giới

Danh ngôn thế giới là tài liệu sưu tầm của tác giả từ nhiều nguồn khác nhau được sắp xếp thao vần a, b, c và theo từng lĩnh vực, giúp bạn phần nào có cuộc sống tinh thần tốt đẹp hơn.

محفوظ في:
التفاصيل البيبلوغرافية
التنسيق: كتاب
اللغة:Undetermined
منشور في: Đồng Nai Nhà xuất bản Đồng Nai 2009
الوسوم: إضافة وسم
لا توجد وسوم, كن أول من يضع وسما على هذه التسجيلة!
Thư viện lưu trữ: Trung tâm Học liệu Trường Đại học Cần Thơ
LEADER 00892nam a2200181Ia 4500
001 CTU_159185
008 210402s9999 xx 000 0 und d
020 |c 72000 
082 |a 080 
082 |b D107/T.1 
245 0 |a Danh ngôn thế giới 
245 0 |c Nguyễn Văn Trung (sưu tầm) 
260 |a Đồng Nai 
260 |b Nhà xuất bản Đồng Nai 
260 |c 2009 
520 |a Danh ngôn thế giới là tài liệu sưu tầm của tác giả từ nhiều nguồn khác nhau được sắp xếp thao vần a, b, c và theo từng lĩnh vực, giúp bạn phần nào có cuộc sống tinh thần tốt đẹp hơn. 
904 |i Mỹ Lệ (Bé Ba), Bạch Trúc (Tuyến sửa số phân loại 080 thành 398.9, chưa in nhãn) 
980 |a Trung tâm Học liệu Trường Đại học Cần Thơ